Broadway Love Match Quiz Stats

 Plays Quiz Updated Jul 29, 2017

Support Sporcle.
Go Orange.
Score 0/20 Timer 07:00
3 Plays Today
% Correct
Beast
97.7%
Simba
93.8%
Shrek
93.8%
Marius
78.7%
Fiyero
73.1%
Seymour Krelborn
62.6%
Motel the tailor
56.7%
Roger Davis
56.6%
Radames
52.7%
Professor Bhaer
51.6%
% Correct
Harold Hill
47.9%
Curly McLain
47.4%
Princeton
46.7%
Jimmy Smith
45.8%
Sky Masterson
44.7%
Jack Kelly
43.7%
Leo Bloom
43.1%
J. Pierrepont Finch
35.5%
Tommy Albright
30.3%
Sid Sorokin
27%

You're not logged in!

Compare scores with friends on all Sporcle quizzes.
OR
Log In
Forgot?

From the Vault

Shared Word: Song Titles

by prockstar83

It's important to learn how to share.
Remove Ads.
Support Sporcle.
Get the best of Sporcle when you Go Orange. This ad-free experience offers more features, more stats, and more fun while also helping to support Sporcle. Thank you for becoming a member.

Show Comments

Extras

Top Quizzes Today


Score Distribution

Your Account Isn't Verified!

In order to create a playlist on Sporcle, you need to verify the email address you used during registration. Go to your Sporcle Settings to finish the process.

Report this User

Report this user for behavior that violates our Community Guidelines.

Details: